000
00484nam a2200181Ia 4500
008
100917s9999 xx 000 0 und d
082
_b
44302
100
_a
काटे श्रीकांत
245
_a
पाउलखुणा
260
_b
नेत्रा प्रकाशन
_c
1980
300
_a
121
365
_b
12
520
_a
कथा
630
_a
पाउलखुणा
650
_a
कथा
730
_a
पाउलखुणा
942
_c
BOOK
999
_c
649696
_d
649693